000 00937nam a2200229 i 4500
001 39871
003 ES-MaACL
005 20230906160108.0
007 t|
008 030304s1951 mx ||||1| spa d
100 1 _aCannon, Dorothy F.
_934520
245 1 0 _aVida de Santiago Ramón y Cajal
_b: explorador del cerebro humano /
_cDorothy F. Cannon ; con un prólogo de Charles Sherrington y una introducción de J. F. Tello , versión española hecha sobre la primera edición inglesa de A. Folch y Pi.
260 _aMéxico :
_b[s.n.,
_c1951] (
_fExportadora de Publicaciones Mexicanas-Insurgentes)
300 _a285 p., 5 lám. :
_bil. ;
_c22 cm.
490 1 _aBiografías Gandesa
700 1 _aSherrington, Charles.
_9106107
700 1 _aTello Muñoz, Jorge Francisco.
_9109658
700 1 _aFolch i Pi, Alberto.
_951452
830 0 _aBiografías Gandesa
_9182648
852 _aES-MaACL
_jD-5356
_bR.31419
999 _c39871
_d39871